| 000 | 00514nam a2200169Ia 4500 | ||
|---|---|---|---|
| 001 | 39809 | ||
| 008 | 170317s2001 ii a g b000 u 346 u | ||
| 082 | _a891.44309 | ||
| 100 |
_aKaiser, Santanu ., _eAuthor. |
||
| 245 | 0 |
_aBangla Katha Sahitya: Bibhinna Matra / _cSantanu Kaiser. _hTextual Documents |
|
| 250 | _a1st ed. / | ||
| 260 |
_aDhacca : _bMd. Arifur Rahman Nayeem Oitijjhya , _c2001. |
||
| 300 |
_a191p. : _bill ; _c22cm . |
||
| 653 | _aBengali Fiction-Criticism | ||
| 653 | _aG-Bengali | ||
| 942 |
_2ddc _cBK |
||
| 999 |
_c39781 _d39781 |
||